MILEX po šiesty raz

Bibliographic Details
Other Authors: Gyűrösi, Miroslav, 1965- (Photographer)
Format: Article
Language:Czech
Slovak
Subjects:
Online Access:http://www.atmonline.cz

MARC

LEADER 00000nab a2200000 a 4500
001 vtls010291374
003 SK-MaSNL
005 20260303081834.0
008 110711 2011 xo m | 000 0 cze
015 |a SNBRB2011/07  |2 lmaosk 
040 |a LMAOSK  |b slo  |c LMAOSK  |e AACR2 
041 0 |a cze  |a slo 
044 |a xo  |c SK 
080 |a 623 : 339.174  |2 2001 
100 1 |a Gyűrösi, Miroslav,  |d 1965-  |4 pht  |9 388192 
245 1 0 |a MILEX po šiesty raz  |c Miroslav Gyűrösi 
300 |b Fotogr. 
611 2 7 |a MILEX  |n (6. :  |d 2011 :  |c Minsk, Bielorusko )  |2 lmaosk  |9 1085715 
650 0 7 |a technika vojenská  |x výzbroj  |x veľtrhy  |2 lmaosk  |9 1085716 
650 0 7 |a veľtrhy  |2 SNKPH  |9 14535 
650 0 7 |a medzinárodné veľtrhy  |2 lmaosk  |9 1037441 
651 7 |a Minsk (Bielorusko)  |2 SNKPHgeo  |9 43529 
773 0 |t ATM  |g Roč. 43, č. 7 (2011), s. 6-9  |x 1802-4823 
852 |a LMAOSK  |b KIS3GCP 
856 4 1 |u http://www.atmonline.cz 
958 |a NB 
999 |c 1786021  |d 1787951